000 01967nam a22001937a 4500
003 CUTN
005 20251022151906.0
008 251022b |||||||| |||| 00| 0 eng d
041 _aEnglish
082 _223
_a781.629
_bSUR
100 _a Suresh, Vidya Bhavani
245 _a50 Evergreen Ragas of Carnatic Music /
_cVidya Bhavani Suresh
260 _aChennai:
_bSkanda Publications & Vidya Bhavani Suresh,
_c2014.
300 _a263 p. ; pbk.
_bcol.ill.:
_c22 cm.
520 _aBharatanatyam Exponent, musicologist, researcher, choreographer, orator, author- these are but a few attributes of the multi-faceted personality Vidya Bhavani Suresh. Vidya began her formal training in Bharatanatyam under the eminent guru, V.P. Dhananjayan. She continued and completed her tutelage under the renowned guru K.J. Sarasa. After a continuous and strenuous learning experience of 12 years, Vidya had her Arangetram (first formal performance), at the age of 16 years. From then on, Vidya has been an active and innovative performer and researcher. Her performances have always stood apart for their profound research-based content and uniqueness. It has always been Vidya's attempt to take Bharatanatyam very close to the common viewer. Being equally alert to social problems, Vidya has also presented full-length thought-provoking programmes highlighting child labour, unemployment. women's problems, etc. Vidya is also an accomplished Carnatic music singer, having undergone systematic training in the form. She continues to enrich her repertoire by continuing her association and training with her guru, the reputed Vidushi, A.P. Komala. Vidya's deep knowledge of Carnatic music has enabled her to specialise as a musicologist. Vidya has written more than 14 small books and 3 large and detailed tomes on Carnatic music, which are widely respected as authentic and authoritative books on the subject.
650 _aCarnatic Music
690 _aMusic
942 _2ddc
_cBOOKS
999 _c46002
_d46002